Cyclists with a stage win in all Grand Tours - Statistics

General Stats
  • This quiz has been taken 185 times
    82 since last reset
  • The average score is 31 of 115
Answer Stats
Rider Giro d'Italia Tour de France Vuelta a Espana Total % Correct
Tadej Pogačar 6 21 3 30
98%
Eddy Merckx 24 34 6 64
93%
Mark Cavendish 17 35 3 55
84%
Chris Froome 2 7 5 14
75%
Bernard Hinault 6 28 7 41
74%
Primož Roglič 4 3 15 22
69%
Vincenzo Nibali 7 6 1 14
67%
Alejandro Valverde 1 4 12 17
59%
Marcel Kittel 4 14 1 19
59%
André Greipel 7 11 4 22
57%
Nairo Quintana 3 3 2 8
57%
Alessandro Petacchi 22 6 20 48
56%
Peter Sagan 2 12 4 18
56%
Thibaut Pinot 1 3 2 6
56%
Jacques Anquetil 5 16 1 22
54%
Mads Pedersen 5 2 4 11
52%
Mario Cipollini 42 12 3 57
48%
Philippe Gilbert 3 1 7 11
46%
Dan Martin 1 2 2 5
44%
Joaquim Rodríguez 2 3 9 14
44%
Marino Basso 15 6 6 27
44%
Simon Yates 6 3 2 11
43%
Caleb Ewan 5 5 1 11
41%
Francesco Moser 23 2 2 27
41%
Laurent Jalabert 3 4 18 25
41%
Roger De Vlaeminck 22 1 1 24
41%
Tom Dumoulin 4 3 2 9
39%
Fabio Aru 3 1 2 6
38%
Tony Rominger 5 3 13 21
36%
John Degenkolb 1 1 10 12
34%
Laurent Fignon 2 9 2 13
34%
Matej Mohorič 1 3 1 5
34%
Felice Gimondi 6 7 1 14
33%
Freddy Maertens 7 15 13 35
33%
Michael Matthews 3 4 3 10
33%
Rik Van Looy 12 7 18 37
33%
Elia Viviani 5 1 3 9
31%
Matteo Trentin 1 3 4 8
31%
Rigoberto Urán 2 1 1 4
31%
Thomas De Gendt 2 2 1 5
31%
Federico Bahamontes 1 7 3 11
30%
Gianni Bugno 9 4 2 15
30%
Ion Izagirre 1 2 1 4
30%
Lucien Van Impe 1 9 1 11
30%
Wout van Aert 1 10 3 14
30%
Thor Hushovd 1 10 3 14
28%
Alex Zülle 3 2 9 14
26%
Gilberto Simoni 8 1 2 11
26%
Magnus Cort 1 2 6 9
26%
Remco Evenepoel 2 2 5 9
26%
David Millar 1 4 5 10
25%
Denis Menchov 3 1 5 9
25%
Lennard Kämna 1 1 1 3
25%
Paolo Bettini 2 1 5 8
25%
Robert Millar 1 3 1 5
25%
Eddy Planckaert 1 2 10 13
23%
Rik Van Steenbergen 15 4 6 25
23%
Rohan Dennis 1 1 2 4
23%
Walter Godefroot 1 10 2 13
23%
Jean-Paul van Poppel 4 9 9 22
21%
Simon Gerrans 1 2 1 4
21%
Miguel Poblet 20 3 3 26
20%
Richard Carapaz 4 1 3 8
20%
Tyler Hamilton 1 1 1 3
20%
Ben O'Connor 1 2 1 4
18%
Fiorenzo Magni 6 7 3 16
18%
Giovanni Battaglin 4 1 1 6
18%
Julian Alaphilippe 1 6 1 8
18%
Michel Pollentier 1 3 2 6
18%
Tim Wellens 2 1 2 5
18%
Juan Manuel Gárate 1 1 1 3
16%
Bernardo Ruiz 1 2 4 7
15%
Charly Mottet 1 3 2 6
15%
José Manuel Fuente 9 2 3 14
15%
Kaden Groves 2 1 7 10
15%
Luis Herrera 3 3 2 8
15%
Rudi Altig 4 8 6 18
15%
Sam Bennett 3 2 5 10
15%
Daniele Bennati 3 2 6 11
13%
Dietrich Thurau 2 6 5 13
13%
Gerben Karstens 1 6 14 21
13%
Guido Bontempi 16 6 4 26
13%
Hugo Koblet 7 5 1 13
13%
Jean Stablinski 2 5 3 10
13%
Marcel Wüst 1 1 12 14
13%
Tyler Farrar 2 1 3 6
13%
Fabio Baldato 4 2 2 8
11%
Ján Svorada 5 3 3 11
11%
Jean-François Bernard 4 3 1 8
11%
Laudelino Cubino 2 1 3 6
11%
Rik Van Linden 9 4 2 15
11%
Rino Benedetti 4 1 1 6
11%
Aitor González 3 1 3 7
10%
Marino Lejarreta 2 1 5 8
10%
Pierino Baffi 4 5 4 13
10%
Thierry Marie 1 6 1 8
10%
Massimo Ghirotto 3 2 1 6
8%
Oliverio Rincón 1 1 2 4
8%
Shay Elliott 1 1 2 4
8%
Djamolidine Abdoujaparov 1 9 7 17
7%
Guido Reybrouck 3 6 4 13
7%
Nicola Minali 2 3 7 12
7%
Pablo Lastras 1 1 3 5
7%
Dimitri Konyshev 4 4 1 9
5%
Guido Carlesi 7 2 1 10
5%
Julio Jiménez 4 5 3 12
5%
Miguel María Lasa 3 2 6 11
5%
Jeroen Blijlevens 2 4 5 11
3%
Nino Defilippis 9 7 2 18
3%
Ercole Gualazzini 4 2 1 7
2%
Jesper Skibby 1 1 3 5
2%
Edward Sels 1 7 2 10
0%
Erik Breukink 2 4 1 7
0%
Serguei Outschakov 2 1 2 5
0%
Vicente López Carril 1 3 1 5
0%
No matching quizzes found
Score Distribution
Percent of People with Each Score
Percentile by Number Answered
Your Score History
You have not taken this quiz since the last reset